<?xml version="1.0" encoding="UTF-8"?>
<record
    xmlns:xsi="http://www.w3.org/2001/XMLSchema-instance"
    xsi:schemaLocation="http://www.loc.gov/MARC21/slim http://www.loc.gov/standards/marcxml/schema/MARC21slim.xsd"
    xmlns="http://www.loc.gov/MARC21/slim">

  <leader>00720nmm a22001937a 4500</leader>
  <controlfield tag="003">OSt</controlfield>
  <controlfield tag="005">20240502102354.0</controlfield>
  <controlfield tag="008">240214b        |||||||| |||| 00| 0 eng d</controlfield>
  <datafield tag="040" ind1=" " ind2=" ">
    <subfield code="c">MPSPC</subfield>
  </datafield>
  <datafield tag="082" ind1=" " ind2=" ">
    <subfield code="a">TAV-GC 551.5 L523 2010</subfield>
  </datafield>
  <datafield tag="100" ind1=" " ind2=" ">
    <subfield code="a">Legarda, Loren</subfield>
    <subfield code="9">23523</subfield>
  </datafield>
  <datafield tag="245" ind1=" " ind2=" ">
    <subfield code="a">Buhos:</subfield>
    <subfield code="b">a documentary on climate change</subfield>
    <subfield code="h">[videorecording] / </subfield>
    <subfield code="c">by Senator Loren Legarda</subfield>
  </datafield>
  <datafield tag="300" ind1=" " ind2=" ">
    <subfield code="a">1 videodisc:</subfield>
    <subfield code="b">sd., col. ; </subfield>
    <subfield code="c">4 &#xBE; in.</subfield>
  </datafield>
  <datafield tag="336" ind1=" " ind2=" ">
    <subfield code="b">txt</subfield>
  </datafield>
  <datafield tag="337" ind1=" " ind2=" ">
    <subfield code="b">n</subfield>
  </datafield>
  <datafield tag="520" ind1=" " ind2=" ">
    <subfield code="a">This is a documentary about climate change which cited a significant contribution in educating the entire nation on the devastating impact on climate change and global warming to our country. </subfield>
  </datafield>
  <datafield tag="650" ind1=" " ind2=" ">
    <subfield code="a">Climate change</subfield>
    <subfield code="9">2561</subfield>
  </datafield>
  <datafield tag="942" ind1=" " ind2=" ">
    <subfield code="2">ddc</subfield>
    <subfield code="c">AVM</subfield>
    <subfield code="n">0</subfield>
  </datafield>
  <datafield tag="999" ind1=" " ind2=" ">
    <subfield code="c">72140</subfield>
    <subfield code="d">72140</subfield>
  </datafield>
  <datafield tag="952" ind1=" " ind2=" ">
    <subfield code="0">0</subfield>
    <subfield code="1">0</subfield>
    <subfield code="2">ddc</subfield>
    <subfield code="4">0</subfield>
    <subfield code="7">0</subfield>
    <subfield code="8">AUDIO VISUAL MATERIALS</subfield>
    <subfield code="a">TADIAN</subfield>
    <subfield code="b">TADIAN</subfield>
    <subfield code="c">TADIAN 2F - PERIODICALS</subfield>
    <subfield code="d">2024-02-14</subfield>
    <subfield code="l">0</subfield>
    <subfield code="o">TAV-GC 551.5 L523 2010</subfield>
    <subfield code="p">TAV0249</subfield>
    <subfield code="r">2024-02-14 00:00:00</subfield>
    <subfield code="w">2024-02-14</subfield>
    <subfield code="y">AVM</subfield>
  </datafield>
</record>
